000
00238nam a2200097Ia 4500
001
705806
005
20250826162437.0
008
250824s9999 xx 000 0 und d
245
0
_a
DOSTLAR SOFRASI
_c
NASIR-I HUSREV
260
_b
ŞULE YAYINLARI
999
_c
705806
_d
705806